عبث الأقدار / (Record no. 3673)

MARC details
000 -الفاتح
حقل البيانات ثابتة الطول 01118nam a22002895a 4500
003 - محدد رقم الضبط
رقم الضبط EG-ScBUE
005 - وقت وتاريخ اخر تعامل مع التسجيلة
رقم الضبط 20210210093704.0
008 - عناصر البيانات ثابتة الطول - معلومات عامة
حقل البيانات ثابتة الطول 081012s199u ua f 000 f ara d
017 ## - رقم الإيداع القانونى
رقم الإيداع القانونى 2559
020 ## - الرقم الدولى المعيارى للكتب
الرقم الدولى المعيارى للكتاب 9773162257
040 ## - مصدر الفهرسة
وكالة الفهرسة الأصلية EG-ScBUE
لغة الفهرسة ara
قواعد الوصف rda
وكالة النسخ EG-ScBUE
وكالة التعديل EG-ScBUE
082 04 - رقم تصنيف ديوى العشرى
رقم التصنيف 892.736
رقم المادة م ح ف
رقم الطبعة 22
100 1# - المدخل الرئيسى - إسم شخصى
الإسم الشخصى محفوظ، نجيب،‏
التواريخ المصاحبة للاسم 1911-2006،
الدور مؤلف.
245 10 - بيان العنوان
العنوان عبث الأقدار /
بيان المسئوليه,etc تأليف نجيب محفوظ، الحائز على جائزة الدولة التقديرية وجائزة نوبل العالمية للآداب 1988.
264 #1 - النشر، التوزيع
مكان الناشر او الموزع القاهرة :
اسم الناشر او الموزع مكتبة مصر،
تاريخ النشر أو التوزيع [199?]
300 ## - الوصف المادى
التعداد 206 صفحة ؛
أبعاد الوعاء 20 سم.
336 ## - نوع المحتوى
source rdacontent
Carrier Type Term نص
Content Type Code txt
337 ## - نوع الوسيط
source rdamedia
Media Type Term بدون وسيط
Media Type Code n
338 ## - نوع الحامل أو الناقل
source rdacarrier
Carrier Type Term مجلد
Carrier Type Code nc
490 0# - بيان السلسلة
عنوان السلسلة مطبوعات مكتبة مصر
650 #7 - المدخل الاضافى بالموضوع-مصطلح موضوعى
مصطلح موضوعي أو اسم جغرافي كعنصر مدخل القصص العربية
التقسيم الفرعي الجغرافي مصر
التقسيم الفرعي الزمني قرن 20.
مصدر الرأس أو المصطلح BUEsh
9 (RLIN) 28134
650 #7 - المدخل الاضافى بالموضوع-مصطلح موضوعى
مصطلح موضوعي أو اسم جغرافي كعنصر مدخل القصص التاريخية العربية
التقسيم الفرعي الجغرافي مصر
التقسيم الفرعي الزمني قرن 20.
مصدر الرأس أو المصطلح BUEsh
651 ## - المدخل الاضافى بالموضوع - اسم جغرافى
مصدر الرأس أو المصطلح BUEsh
653 ## - مصطلح تكشيفى غير مقيد
Resource For college Arabic Literature
Arrived date list September2017
655 ## - مصطلح تكشيفى-نوع/شكل
التقسيم الفرعي الشكلي Reading book
-- 34232
942 ## - عناصر المدخل الإضافي( كوها)
مصدر التصنيف او مخطط الترفيف Dewey Decimal Classification
Holdings
حالة التراجع حالة الفقد مصدر التصنيف او خطة الترفيف حالة تلف ليس للاعارة المكان الدائم المكان الحالي موقع الترفيف تاريخ الاكتساب Source of acquisition سعر الشراء الطبيعي رقم الاستدعاء الباركود Date last seen مُعار التكلفة نوع الوعاء
    Dewey Decimal Classification     Central Library Central Library Second Floor 07/05/2007 Purchase 5.50 892.736 م ح ف 000030586 15/07/2025 02/03/2023 6.88 Book - Borrowing